000
00348 a2200169 4500
001
171258
020
_a
85-16-00808-8
040
_c
Magnum
100
_a
Kupstas, Marcia
240
1
0
_a
A segunda morte
_l
por
245
1
0
_a
A segunda morte
300
_a
78
362
0
_a
1996
440
1
_a
Moderna
697
_a
LITERATURA JUVENIL
942
_c
BK
999
_c
171258
_d
171258